000 01390cam a2200337 i 4500
999 _c40104
_d40104
001 40104
003 Mx-PuUPA
005 20221207084310.0
008 140415s2007 mx a r 000 0 spa|d
020 _a9789685924283
040 _aMx-PuUPA
_bspa
_cMx-PuUPA
_dMx-PuUPA
_erda
041 0 _aspa
100 1 _aMartínez Rizo, Felipe,
_eautor
_910150
245 1 0 _aPropuesta y experiencias para desarrollar un Sistema Nacional de Indicadores Educativos /
_cFelipe Martínez Rizo [y otros cuatro] ; coordinación editorial, Miguel Á. Aguilar R., Teresa Ramírez Vadillo
250 _aPrimera edición
264 1 _aMéxico, D.F. :
_bInstituto Nacional para la Evaluación de la Educación,
_c2007
300 _a280 páginas :
_bilustraciones ;
_c27 cm. +
_e1 disco de computadora (4 3/4 pulg.)
336 _2rdacontent
_atexto
_btxt
337 _2rdamedia
_asin medio
_bn
337 _2rdamedia
_acomputadora
_bc
338 _2rdacarrier
_avolumen
_bnc
338 _2rdacarrier
_adisco compacto
_bcd
650 4 _aIndicadores educativos
_zMéxico
650 4 _aMediciones y pruebas educativas
_zMéxico
700 1 _aAguilar R., Miguel Á.,
_ecoordinador
700 1 _aRamírez Vadillo, Teresa,
_ecoordinador
942 _2ddc
_cLI
_h371.2620972
_iM298